| 000 | 00608cam a22002055a 4500 | ||
|---|---|---|---|
| 001 | E153018 | ||
| 008 | 110523s2009 xxk f 000 0 eng d | ||
| 020 | _a97809562283 | ||
| 035 | _a(Sirsi) u153018 | ||
| 041 | 0 | _aeng | |
| 050 | 0 | 4 | _a333.33 $2 18 |
| 100 | 1 | _aMorgan, Eric | |
| 245 | 0 | 4 | _aThe regeneration of Newcastle/Gateshead Quays |
| 260 |
_aNewcastle _bSTG _c2009 |
||
| 300 |
_a70p. _bill. _c24cm. |
||
| 520 | _aDescribes the regeneration of the Newcastle Gateshead Quays area over the last 40 years. | ||
| 651 | 4 | _aNewcastle | |
| 690 | _aBUILT ENVIRONMENT-CONSTRUCTION MANAGEMENT | ||
| 942 | _n0 | ||
| 999 |
_c112329 _d112329 |
||